[Event "EU-ch U16"]
[Site "Rimavska Sobota"]
[Date "1996.??.??"]
[Round "6"]
[White "Ginzburg, Mikhail"]
[Black "Halkias, Stelios"]
[Result "0-1"]
[WhiteElo "2150"]
[BlackElo "2330"]

1.e4 c5 2.Nf3 d6 3.d4 cxd4 4.Nxd4 Nf6 5.Nc3 a6 6.Be3 Ng4 7.Bg5 h6 8.Bh4 g5
9.Bg3 Bg7 10.Qd2 Nc6 11.Nb3 f5 12.exf5 Bxf5 13.Bd3 Qd7 14.O-O-O a5 15.Nd5 a4
16.Nb6 axb3 17.cxb3 Nce5 18.Bxf5 Qxf5 19.Nxa8 Qc8+ 20.Kb1 Qxa8 21.h3 Nf6
22.Bxe5 dxe5 23.Qb4 Qa6 24.Rhe1 Nh5 25.Qg4 Nf4 26.g3 Qg6+ 27.Ka1 Ne6 28.Qa4+ Kf7
29.Qc4 Re8 30.a3 Kf8 31.Ka2 Qf5 32.Re3 Nd4 33.Qd5 Qxf2 34.Ree1 Bf6 35.Rf1 Qxg3
36.Qxb7 Kg7 37.Qd5 Rb8 38.b4 Qxh3 39.Rh1 Qf5 40.Qc4 Qd7 41.Rhf1 Rc8 42.Qd3 Qd5+
43.Kb1 Qe6 44.Qe4 Rc4 45.Rh1 Nb3 46.Qe2 g4 47.Rde1 Nd4 48.Qd3 Nf3 49.Re2 e4
50.Qd8 e3 51.Qd3 Nd2+ 52.Ka1 Qe5 53.Rb1 Rc1  0-1

[Event "EU-ch U18"]
[Site "Rimavska Sobota"]
[Date "1996.??.??"]
[Round "9"]
[White "Simacek, Pavel"]
[Black "Matikozian, Andranik"]
[Result "1/2-1/2"]
[WhiteElo "2285"]
[BlackElo "2300"]

1.e4 c5 2.Nf3 d6 3.d4 cxd4 4.Nxd4 Nf6 5.Nc3 a6 6.Be3 e5 7.Nf3 Be7 8.Bc4 O-O
9.O-O h6 10.Nd2 Ng4 11.Nd5 Nxe3 12.Nxe3 Be6 13.a4 Nd7 14.Bd5 Qc7 15.Ndc4 Nb6
16.Qd3 Rac8 17.Nxb6 Qxb6 18.Ra3 Qxb2 19.Rb3 Qd4 20.Rxb7 Bg5 21.Qxa6 Bxe3
22.fxe3 Qxe3+ 23.Kh1 Bxd5 24.exd5 Rxc2 25.Qxd6 Rc1 26.Rb1 Rfc8 27.Qd7 Qf4
28.Qxc8+ Rxc8 29.Rxf4 exf4 30.d6 Kf8 31.Rd1 Ra8 32.Kg1 Ke8 33.Re1+ Kd7 34.Re7+ Kxd6
35.Rxf7 g5 36.Rh7  1/2-1/2

[Event "Sas van Gent"]
[Site "Sas van Gent"]
[Date "1996.??.??"]
[Round "5"]
[White "Motwani, Paul"]
[Black "Timmermans, Ivo"]
[Result "1-0"]
[WhiteElo "2490"]
[BlackElo "2275"]

1.e4 c5 2.Nf3 d6 3.d4 cxd4 4.Nxd4 Nf6 5.Nc3 a6 6.Be3 Ng4 7.Bg5 h6 8.Bh4 g5
9.Bg3 Bg7 10.Be2 h5 11.Bxg4 Bxg4 12.f3 Bd7 13.Bf2 Nc6 14.Nd5 Rb8 15.Qd2 Ne5
16.Ne3 Qc7 17.b3 Nc6 18.Nd5 Qa5 19.c3 Nxd4 20.Bxd4 Bxd4 21.Qxd4 f6 22.b4 Qd8
23.O-O Kf7 24.c4 Be6 25.f4 Bxd5 26.Qxd5+ e6 27.Qd4 gxf4 28.Rxf4 Qe7 29.Rxf6+ Qxf6
30.Rf1 Qxf1+ 31.Kxf1 Rbd8 32.e5 dxe5 33.Qxe5 Ke7 34.Qg7+  1-0

[Event "Schoeneck"]
[Site "Schoeneck"]
[Date "1996.??.??"]
[Round "1"]
[White "Enders, Peter"]
[Black "Dydyshko, Viacheslav"]
[Result "1-0"]
[WhiteElo "2500"]
[BlackElo "2545"]

1.e4 c5 2.Nf3 d6 3.d4 cxd4 4.Nxd4 Nf6 5.Nc3 a6 6.Be3 Ng4 7.Bc1 Nf6 8.Bg5 e6
9.f4 Be7 10.Qf3 Qc7 11.O-O-O Nbd7 12.g4 b5 13.Bxf6 Nxf6 14.g5 Nd7 15.f5 Bxg5+
16.Kb1 Ne5 17.Qh5 Qd8 18.h4 Bf6 19.fxe6 O-O 20.Bh3 Kh8 21.Nd5 fxe6 22.Bxe6 Nc4
23.Nxf6 Qxf6 24.Bd5 Rb8 25.Qg5 Bd7 26.b3 Ne5 27.a3 a5 28.Rhg1 b4 29.a4 h6
30.Qg3 Qe7 31.Rdf1 Rxf1+ 32.Rxf1 Rf8 33.Nf5 Bxf5 34.exf5 Qf6 35.Rg1 Nd7 36.h5 Nc5
37.Re1 Qd8 38.Qg6 Qf6 39.Qxf6 gxf6 40.Re7 Rd8 41.Rf7 Re8 42.Rxf6 Re5 43.Rxh6+ Kg7
44.Rxd6 Rxf5 45.h6+ Kh8 46.Kc1 Rh5 47.Bf3 Rh3 48.Bg4 Rh1+ 49.Kb2 Rf1 50.Rd5 Ne4
51.Bf5 Rb1+ 52.Kxb1 Nc3+ 53.Kc1 Nxd5 54.Kd2 Ne7 55.Be4 Ng8 56.h7 Nf6 57.Ke3  1-0

[Event "Schoeneck"]
[Site "Schoeneck"]
[Date "1996.??.??"]
[Round "4"]
[White "Luther, Thomas"]
[Black "Womacka, Mathias"]
[Result "1/2-1/2"]
[WhiteElo "2495"]
[BlackElo "2465"]

1.e4 c5 2.Nf3 d6 3.d4 cxd4 4.Nxd4 Nf6 5.Nc3 a6 6.Be3 e5 7.Nb3 Be6 8.f3 Nbd7
9.Qd2 b5 10.g4 h6 11.O-O-O Nb6 12.Bxb6 Qxb6 13.h4 b4 14.Nd5 Bxd5 15.exd5 Be7
16.Kb1 a5 17.Qd3 O-O 18.Nd2 a4 19.Bh3 Qc7 20.Rhg1 Kh8 21.g5 Nh5 22.Qc4 Qxc4
23.Nxc4 hxg5 24.hxg5 g6 25.Bd7 Ra7 26.Bc6 Kg7 27.Nd2 Nf4  1/2-1/2

[Event "Schoeneck"]
[Site "Schoeneck"]
[Date "1996.??.??"]
[Round "6"]
[White "Klovans, Janis"]
[Black "Womacka, Mathias"]
[Result "1/2-1/2"]
[WhiteElo "2530"]
[BlackElo "2465"]

1.e4 c5 2.Nf3 d6 3.d4 cxd4 4.Nxd4 Nf6 5.Nc3 a6 6.Be3 e5 7.Nb3 Be6 8.f3 Nbd7
9.g4 h6 10.Qd2 b5 11.O-O-O Nb6 12.Qf2 Rb8 13.Nc5 Bc8 14.Nd3 Nc4 15.Ba7 Rb7
16.Nb4 Qa5 17.Bxc4 bxc4 18.a3 Be6 19.Be3 d5 20.Nc6 Qc7 21.exd5 Nxd5 22.Nxd5 Qxc6
23.Nc3 Be7 24.Rhg1 O-O 25.g5 hxg5 26.Bxg5 f6 27.Bh6 Bc5 28.Qg3 Bxg1 29.Rxg1 Rff7
30.Be3 Rb8 31.Kb1 Bf5 32.Rg2 Rfb7 33.Ka1 Qd7 34.Bc1 Qf7 35.Qh4 Rd7 36.f4 Rd4
37.Qf2 Rbd8 38.fxe5 fxe5 39.Bg5 R8d7 40.Qe3 Qe6 41.h4 Rg4 42.Re2 Qg6 43.Kb1 Rf7
44.Qxe5 Rg1+ 45.Bc1 Bg4 46.Re1 Rxe1 47.Qxe1 Qe6 48.Qg1 Bh3 49.Qd4 Bf5 50.h5 Re7
51.Qf4 Kh7 52.Qh2 Qe5 53.Bf4 Qe1+ 54.Ka2 Re6 55.Bd2 Qf1 56.h6 Bxc2 57.hxg7+ Kxg7
58.Bh6+ Rxh6 59.Qxc2 Rh1 60.Nb1 Rg1 61.Qe4 Kf6 62.Qd4+ Kg6 63.Qe4+ Kh6 64.Qh4+ Kg6
65.Qe4+ Kg5 66.Qe5+ Kh4 67.Qh8+ Kg3 68.Qg7+ Kh2 69.Qh6+  1/2-1/2

[Event "DLM U20"]
[Site "Schoeneck"]
[Date "1996.??.??"]
[Round "6"]
[White "Ludwig, Kristin"]
[Black "Berresheim, Helmut"]
[Result "1-0"]
[WhiteElo "2090"]
[BlackElo "2260"]

1.e4 c5 2.Nf3 d6 3.d4 cxd4 4.Nxd4 Nf6 5.Nc3 a6 6.Be3 e6 7.f3 b5 8.g4 h6 9.h4 Bb7
10.Qd2 Nbd7 11.Rg1 g6 12.Bd3 Ne5 13.g5 Nfd7 14.h5 gxh5 15.g6 fxg6 16.Qg2 Qf6
17.O-O-O Rc8 18.Be2 b4 19.Nb1 Rg8 20.Nd2 Nc5 21.N2b3 Nxb3+ 22.Nxb3 Qd8 23.Qh3 Kf7
24.Nd4 Qf6 25.Kb1 Nc4 26.Bc1 d5 27.Bxc4 Rxc4 28.e5 Qxe5 29.Rde1 Qd6 30.Rxe6 Bc8
31.Rgxg6 Bxe6 32.Rxe6 Qg3 33.Qxh5+ Rg6 34.Rxg6  1-0

[Event "Schwaebisch Gmund op"]
[Site "Schwaebisch Gmund"]
[Date "1996.??.??"]
[Round "3"]
[White "Jirovsky, Petr"]
[Black "Zagorskis, Darius"]
[Result "0-1"]
[WhiteElo "2295"]
[BlackElo "2530"]

1.e4 c5 2.Nf3 d6 3.d4 cxd4 4.Nxd4 Nf6 5.Nc3 a6 6.Be3 e5 7.Nb3 Be6 8.f3 Nbd7
9.Qd2 Be7 10.g4 h6 11.h4 b5 12.Rg1 b4 13.Na4 d5 14.g5 d4 15.Bxd4 hxg5 16.hxg5 Nxe4
17.fxe4 exd4 18.Nxd4 Ne5 19.Be2 Bd7 20.b3 Bxa4 21.bxa4 Bc5 22.O-O-O Ra7 23.Bg4 Rh4
24.Bf5 Qxd4 25.Qxd4 Bxd4 26.Rxd4 Nf3 27.Rgd1 Nxd4 28.Rxd4 g6 29.Bc8 a5 30.Kb2 Rh2
31.Rc4 Kd8 32.Bg4 Rc7 33.Rd4+ Ke7 34.Bd1 Rd7  0-1

[Event "Schwaebisch Gmund op"]
[Site "Schwaebisch Gmund"]
[Date "1996.??.??"]
[Round "5"]
[White "Gipslis, Aivars"]
[Black "Arbakov, Valentin"]
[Result "0-1"]
[WhiteElo "2465"]
[BlackElo "2455"]

1.e4 c5 2.Nf3 d6 3.d4 cxd4 4.Nxd4 Nf6 5.Nc3 a6 6.Be3 e5 7.Nb3 Be6 8.Nd5 Nxd5
9.exd5 Bc8 10.Qd2 Nd7 11.Be2 Be7 12.O-O O-O 13.Na5 f5 14.f3 f4 15.Bf2 Bh4
16.b4 Bxf2+ 17.Rxf2 Rf6 18.Bd3 Rh6 19.g3 fxg3 20.hxg3 Rh3 21.Rh2 Rxh2 22.Kxh2 Nf6
23.Kg2 Qc7 24.Rh1 Bd7 25.c4 b6 26.Nb3 Be8 27.Qc2 h6 28.Nd2 b5 29.cxb5 Qxc2
30.Bxc2 axb5 31.Bb3 Rc8 32.Nb1 h5 33.Re1 g5 34.Re3 Rc1 35.Nc3 Kg7 36.Ne2 Rb1
37.Nc3 Rc1 38.Ne2 Ra1 39.Rc3 h4 40.gxh4 gxh4 41.f4 Bh5 42.fxe5 Bxe2 43.Rc7+ Kg6
44.exf6 Kxf6 45.Rd7 Bc4 46.Rxd6+ Ke5 47.Rb6 Rb1 48.d6 Rb2+ 49.Kh3 Bd3 50.Kg4 Rd2
51.Kf3 Bf1 52.d7 Rxd7 53.Kf2 Bc4 54.Rh6 Rd2+ 55.Kg1 Bxb3 56.Rh5+ Ke4 57.axb3 Rd5
58.Rxh4+ Kd3 59.Kf2 Re5 60.Rg4 Kc3 61.Rf4 Kxb3 62.Rh4 Kc3 63.Rg4 Kd3 64.Kf1 Kd2
65.Rd4+ Kc3 66.Rf4 Kd2 67.Rd4+ Ke3 68.Rh4 Rg5 69.Rh3+ Kd2 70.Rh2+ Kd1 71.Kf2 Kd2
72.Kf3+ Kd3 73.Kf4 Rd5 74.Rb2 Kc3 75.Rb1 Rd4+ 76.Ke5 Rxb4 77.Rc1+ Kd2 78.Rc5 Rh4
79.Kd5 b4 80.Rc4 Rh5+ 81.Kd4 b3  0-1

[Event "Schwaebisch Gmund op"]
[Site "Schwaebisch Gmund"]
[Date "1996.??.??"]
[Round "7"]
[White "Gipslis, Aivars"]
[Black "Jirovsky, Petr"]
[Result "1/2-1/2"]
[WhiteElo "2465"]
[BlackElo "2295"]

1.e4 c5 2.Nf3 d6 3.d4 cxd4 4.Nxd4 Nf6 5.Nc3 a6 6.Be3 e6 7.Be2 Be7 8.f4 Qc7
9.Bf3 O-O 10.Qe2 Nc6 11.O-O-O Bd7 12.g4 Nxd4 13.Rxd4 Bc6 14.g5 Nd7 15.Kb1 b5
16.h4 Rfc8 17.Qg2 a5 18.Ne2 b4 19.Rdd1 Ba4 20.Nd4 e5 21.Nb3 Bxb3 22.cxb3 a4
23.Rc1 Nc5 24.bxa4 exf4 25.Bxf4 Rxa4 26.Bd1 Ra5 27.Be3 Qb7 28.Bxc5 Raxc5
29.Bb3 Rxc1+ 30.Rxc1 Rxc1+ 31.Kxc1 g6 32.Qf3  1/2-1/2

[Event "Sitges op"]
[Site "Sitges"]
[Date "1996.??.??"]
[Round "3"]
[White "Korneev, Oleg"]
[Black "Colovic, Aleksandar"]
[Result "1-0"]
[WhiteElo "2590"]
[BlackElo "2310"]

1.e4 c5 2.Nf3 d6 3.d4 cxd4 4.Nxd4 Nf6 5.Nc3 a6 6.Be3 e5 7.Nf3 Qc7 8.a4 Be7
9.a5 O-O 10.Be2 Qc6 11.Qd3 h6 12.O-O Be6 13.Rfd1 Rc8 14.Nd5 Bxd5 15.exd5 Qd7
16.Nd2 Qd8 17.c4 Nbd7 18.b4 Bf8 19.Rac1 Qe7 20.Nb3 e4 21.Qd2 Ne5 22.c5 Qd7
23.Bf4 Re8 24.c6 bxc6 25.Bxe5 Rxe5 26.dxc6 Qc8 27.Nd4 d5 28.b5 axb5 29.Nxb5 e3
30.fxe3 Ne4 31.Qd4 Rg5 32.Bf3 Qh3 33.Bxe4 dxe4 34.Qxe4 Rxa5 35.Kh1 Qc8 36.Nd6 Bxd6
37.Rxd6 g6 38.Qd4 Ra8 39.c7 Qb7 40.Rd8+  1-0

[Event "St Petersburg-ch"]
[Site "St Petersburg"]
[Date "1996.??.??"]
[Round "3"]
[White "Svidler, Peter"]
[Black "Nepomnishay, Mikhail I"]
[Result "1-0"]
[WhiteElo "2650"]
[BlackElo "2480"]

1.e4 c5 2.Nf3 d6 3.d4 cxd4 4.Nxd4 Nf6 5.Nc3 a6 6.Be3 e6 7.g4 b5 8.g5 Nfd7
9.a3 Bb7 10.h4 Nb6 11.h5 N8d7 12.g6 hxg6 13.hxg6 Rxh1 14.gxf7+ Kxf7 15.Qf3+ Nf6
16.Qxh1 Qc7 17.Nf3 Kg8 18.Ng5 Re8 19.O-O-O d5 20.Qh3 Bc8 21.Bxb5  1-0

[Event "Petrov mem"]
[Site "St Petersburg"]
[Date "1996.??.??"]
[Round "3"]
[White "Korneev, Oleg"]
[Black "Vaulin, Alexander"]
[Result "1-0"]
[WhiteElo "2590"]
[BlackElo "2480"]

1.e4 c5 2.Nf3 d6 3.d4 cxd4 4.Nxd4 Nf6 5.Nc3 a6 6.Be3 e5 7.Nb3 Be7 8.f3 O-O
9.Qd2 Be6 10.O-O-O a5 11.a4 Nc6 12.Qe2 Qc8 13.Kb1 Nb4 14.g4 d5 15.g5 Nxe4
16.fxe4 d4 17.Nxd4 exd4 18.Rxd4 Nc6 19.Nd5 Bxg5 20.Rg1 Bxd5 21.Rxg5 Be6 22.Rd6 Rd8
23.Qd2 Rxd6 24.Qxd6 Qe8 25.Bb6 f6 26.Rg3 Qf7 27.Bb5 Rc8 28.Rc3 Qd7 29.Qxd7 Bxd7
30.Bc4+ Kf8 31.Bd5 Ra8 32.Bc5+ Ke8 33.Rg3 g6 34.Rf3  1-0

[Event "Rudenko mem"]
[Site "St Petersburg"]
[Date "1996.??.??"]
[Round "5"]
[White "Nekrasova, Elena"]
[Black "Kozlovskaya, Valentina"]
[Result "1/2-1/2"]
[WhiteElo "2085"]
[BlackElo "2240"]

1.e4 c5 2.Nf3 d6 3.d4 cxd4 4.Nxd4 Nf6 5.Nc3 a6 6.Be3 e6 7.Qd2 Be7 8.f3 Qc7
9.g4 Nc6 10.g5 Nh5 11.Be2 g6 12.f4 Bd7 13.Bxh5 gxh5 14.Qe2 Na5 15.Nb3 Nc4
16.Bd4 Rf8 17.Nd2 Nxd2 18.Qxd2 O-O-O 19.f5 d5 20.e5 Bb4 21.f6 h6 22.gxh6 Rg8
23.O-O-O Rg6 24.Rhg1 Rh8 25.Rxg6 fxg6 26.f7 Bf8 27.Be3 Bc6 28.Qf2 Rh7 29.Rf1 Qxe5
30.Bc5 Qg5+ 31.Kb1 Qxh6 32.Bxf8 Qxf8 33.Qf6 Kd7 34.Qxg6 Rh8 35.Rg1 Rh6 36.Qg8 Ke7
37.Qg5+ Rf6 38.Qxh5 Qxf7 39.Qh4 Kd7 40.a3 Rf2 41.Qh8 Rf1+ 42.Rxf1 Qxf1+ 43.Ka2 Qf2
44.Qg7+ Kd6 45.Qh8 Kd7 46.Qg7+ Kd6 47.Qh8  1/2-1/2

[Event "RUS-Cup1 Chigorin mem"]
[Site "St Petersburg"]
[Date "1996.??.??"]
[Round "7"]
[White "Smikovski, I."]
[Black "Lukin, Andrei M"]
[Result "1/2-1/2"]
[WhiteElo "2545"]
[BlackElo "2470"]

1.e4 c5 2.Nf3 d6 3.d4 cxd4 4.Nxd4 Nf6 5.Nc3 a6 6.Be3 e6 7.Be2 Qc7 8.a4 b6
9.f4 Bb7 10.Bf3 Nbd7 11.Qe2 Nc5 12.Bf2 e5 13.Nd5 Bxd5 14.exd5 e4 15.g3 Be7
16.Bg2 O-O 17.O-O Nxd5 18.Bxe4 Nxe4 19.Qxe4 Nf6 20.Qc6 Rfc8 21.Qxc7 Rxc7
22.Nf5 Bf8 23.c3 g6 24.Bd4 Nd5 25.Ne3 Nxe3 26.Bxe3 Rb8 27.f5 b5 28.axb5 axb5
29.Ra6 b4 30.cxb4 Rcb7 31.Bd4 Rxb4 32.Bc3 R4b5 33.fxg6 hxg6 34.Ra7 d5 35.Rd7  1/2-1/2

[Event "SUI-chT"]
[Site "SUI"]
[Date "1996.??.??"]
[Round "2"]
[White "Maier, Christian"]
[Black "Gallagher, Joseph G"]
[Result "1/2-1/2"]
[WhiteElo "2340"]
[BlackElo "2530"]

1.e4 c5 2.Nf3 d6 3.d4 cxd4 4.Nxd4 Nf6 5.Nc3 a6 6.Be3 e5 7.Nb3 Be7 8.Be2 Be6
9.Qd2 O-O 10.O-O Nbd7 11.f4 exf4 12.Rxf4 Ne5 13.Nd4 Re8 14.Nf5 Bf8 15.Rd1 Qc7
16.Nh6+ Kh8 17.Rxf6 gxf6 18.Nf5 Rac8 19.Rf1 d5 20.exd5 Bxf5 21.Rxf5 Bc5 22.Bxc5 Qxc5+
23.Kh1 Nd7 24.Rf3 Qe7 25.Bf1 Qe1 26.Qh6 Rg8 27.d6 Rg6 28.Qf4 Rcg8 29.g3 Re8
30.Rf2 Kg7 31.Kg2 Qe5 32.Bd3 f5 33.Bxf5 Qxf4 34.Rxf4 Rxd6 35.Ne4 Rd1 36.Rg4+ Kf8
37.Bxh7 Re5 38.Rf4 Ke7 39.h4 Nb6 40.Bg8 f5 41.Nc3 Rd2+ 42.Kf3 Nd7 43.Rb4 b5
44.a4 bxa4 45.Rxa4 a5 46.Bb3 Kf6 47.g4 fxg4+ 48.Kxg4 Nc5 49.Rf4+ Ke7 50.Nd5+ Rdxd5
51.Bxd5 Rxd5 52.h5 Nd7 53.Ra4 Nf6+ 54.Kf3 Rxh5 55.b4 axb4 56.Rxb4 Rh3+ 57.Ke2 Nd5
58.Rd4 Ke6 59.c4 Nf6 60.Kd2 Ke5 61.Rd8 Ne4+ 62.Ke2 Nd6 63.c5 Nf5 64.Kd2 Nd4
65.Re8+ Kd5 66.Rd8+ Kc4 67.Rg8 Rd3+ 68.Ke1 Re3+ 69.Kf2 Rf3+ 70.Kg2 Rf6 71.c6 Nxc6
72.Re8 Kd4 73.Kg3 Ne5 74.Ra8 Ke3 75.Ra3+ Nd3 76.Kg4 Rf1 77.Kg5 Ke4 78.Ra4+ Kd5
79.Ra5+ Nc5 80.Kg4 Kd4 81.Ra8 Ne6 82.Ra4+ Ke5 83.Ra5+ Ke4 84.Ra4+ Nd4 85.Kg5 Rf5+
86.Kg6 Rd5 87.Kf6 Kf4 88.Ra6 Rb5 89.Rd6 Rf5+ 90.Kg6 Rg5+ 91.Kf6 Nf3 92.Ra6 Rf5+
93.Ke7 Nd4  1/2-1/2

[Event "SUI-chT"]
[Site "SUI"]
[Date "1996.??.??"]
[Round "6"]
[White "Atlas, Valeri"]
[Black "Gallagher, Joseph G"]
[Result "1-0"]
[WhiteElo "2470"]
[BlackElo "2530"]

1.e4 c5 2.Nf3 d6 3.d4 cxd4 4.Nxd4 Nf6 5.Nc3 a6 6.Be3 e5 7.Nf3 Qc7 8.a4 Be7
9.Be2 O-O 10.O-O b6 11.Ne1 Bb7 12.Nd5 Nxd5 13.exd5 Nd7 14.c4 a5 15.Nc2 Nc5
16.Na3 Qd8 17.f4 exf4 18.Bxf4 Ba6 19.Nc2 Bf6 20.Ra2 Re8 21.Ra3 Bxb2 22.Raf3 Ra7
23.Ne3 Bc8 24.Bd3 Nxd3 25.Qxd3 Bf6 26.Qa3 Bd4 27.Kh1 Rae7 28.Nc2 Bc5 29.Qc3 Re4
30.Bh6 f6 31.Bxg7 Kxg7 32.Rxf6 Kg8 33.Rf7 Qg5 34.Qf3 Qg6 35.Rf8+ Kg7 36.Rf7+ Kh8
37.Rf8+ Kg7 38.Rf7+ Kg8 39.Rf8+ Kg7 40.Rf7+ Kg8 41.Rf8+ Kg7 42.Rf7+  1-0

[Event "SWE-chT 9596"]
[Site "?"]
[Date "1996.??.??"]
[Round "?"]
[White "Winge, Stefan"]
[Black "Hedman, Erik"]
[Result "0-1"]
[WhiteElo "2275"]
[BlackElo "2355"]

1.e4 c5 2.Nf3 d6 3.d4 cxd4 4.Nxd4 Nf6 5.Nc3 a6 6.Be3 Ng4 7.Bg5 h6 8.Bh4 g5
9.Bg3 Bg7 10.Be2 h5 11.h4 gxh4 12.Rxh4 Nc6 13.Nb3 Be6 14.Qd2 Qb6 15.Bxg4 hxg4
16.Nd5 Bxd5 17.Rxh8+ Bxh8 18.exd5 Ne5 19.Qa5 Qxa5+ 20.Nxa5 Ng6 21.O-O-O f5
22.Rh1 Bf6 23.f4 gxf3 24.gxf3 Rc8 25.Nb3 b5 26.a3 Kf7  0-1

[Event "Tel Aviv Cup rapid"]
[Site "Tel Aviv"]
[Date "1996.??.??"]
[Round "1"]
[White "Liss, Eran"]
[Black "Karpman, Vadim"]
[Result "0-1"]
[WhiteElo "2480"]
[BlackElo "2380"]

1.e4 c5 2.Nf3 d6 3.d4 cxd4 4.Nxd4 Nf6 5.Nc3 a6 6.Be3 e5 7.Nb3 Be7 8.f3 Be6
9.Qd2 Nbd7 10.g4 b5 11.g5 Nh5 12.Nd5 Bxd5 13.exd5 Nf4 14.Bxf4 exf4 15.Qxf4 Ne5
16.h4 h6 17.O-O-O hxg5 18.Qe4 gxh4 19.f4 Nc4 20.Bxc4 bxc4 21.Nd4 Kf8 22.Nc6 Qd7
23.Qxc4 Bf6 24.Qb4 g6 25.Ne5 Qc7 26.Nc6 Rh5 27.Qe4 Qb6 28.c3 Re8 29.Qc2 Qe3+
30.Kb1 h3 31.a4 Qe4 32.Qxe4 Rxe4 33.a5  0-1

[Event "Tel Aviv Cup rapid"]
[Site "Tel Aviv"]
[Date "1996.??.??"]
[Round "2"]
[White "Blodstein, Arkady"]
[Black "Har Zvi, Ronen"]
[Result "0-1"]
[WhiteElo "2365"]
[BlackElo "2510"]

1.e4 c5 2.Nf3 d6 3.d4 cxd4 4.Nxd4 Nf6 5.Nc3 a6 6.Be3 e6 7.f3 b5 8.Qd2 Bb7
9.g4 h6 10.O-O-O Nbd7 11.h4 b4 12.Na4 Qa5 13.b3 Nc5 14.Bh3 Nxa4 15.bxa4 Nd7
16.g5 Qxa4 17.g6 Nc5 18.gxf7+ Kxf7 19.Kb1 Qa3 20.Nc6 Na4 21.Bxe6+ Ke8 22.Bf7+ Kd7
23.Ne5+ Kc7 24.Bd4  0-1

[Event "Terrassa op"]
[Site "Terrassa"]
[Date "1996.??.??"]
[Round "3"]
[White "De la Riva Aguado, Oscar"]
[Black "Gual Pascual, Antonio"]
[Result "1/2-1/2"]
[WhiteElo "2490"]
[BlackElo "2430"]

1.e4 c5 2.Nf3 d6 3.d4 cxd4 4.Nxd4 Nf6 5.Nc3 a6 6.Be3 Ng4 7.Bg5 h6 8.Bh4 g5
9.Bg3 Bg7 10.Be2 h5 11.h4 gxh4 12.Rxh4 Nc6 13.Nb3 a5 14.a4 Be6 15.Qd2  1/2-1/2

[Event "Ubeda op"]
[Site "Ubeda"]
[Date "1996.??.??"]
[Round "?"]
[White "Marciano, David"]
[Black "Paragua, Mark"]
[Result "1-0"]
[WhiteElo "2495"]
[BlackElo "2175"]

1.e4 c5 2.Nf3 d6 3.d4 cxd4 4.Nxd4 Nf6 5.Nc3 a6 6.Be3 e5 7.Nb3 Be6 8.Be2 Be7
9.Qd2 b5 10.O-O-O O-O 11.f4 Nbd7 12.Kb1 Rc8 13.f5 Bc4 14.Bf3 b4 15.Ne2 d5
16.exd5 e4 17.d6 exf3 18.dxe7 Qxe7 19.Ng3 fxg2 20.Rhe1 Ne5 21.Qxg2 Bxb3 22.axb3 Rcd8
23.Rxd8 Rxd8 24.Bf4 Nfd7 25.Nh5 f6 26.Bh6 g6 27.Qd5+ Qf7 28.Nxf6+ Kh8 29.Rxe5 Qxf6
30.Qxd7  1-0

[Event "Paks GM"]
[Site "Ungarn"]
[Date "1996.??.??"]
[Round "?"]
[White "Horvath, Csaba"]
[Black "Arsovic, Zoran"]
[Result "1-0"]
[WhiteElo "2540"]
[BlackElo "2460"]

1.e4 c5 2.Nf3 d6 3.d4 cxd4 4.Nxd4 Nf6 5.Nc3 a6 6.Be3 Nc6 7.h3 e6 8.g4 Be7
9.Bg2 O-O 10.f4 Nd7 11.O-O Rb8 12.Nce2 Re8 13.Qd2 Qc7 14.Nxc6 bxc6 15.c4 c5
16.Rad1 Rb4 17.b3 Nb8 18.Nc3 Nc6 19.Qf2 Bb7 20.e5 Nd4 21.exd6 Bxd6 22.Bxb7 Rxb7
23.Ne4 Rd8 24.Bxd4 cxd4 25.Qxd4 Be7 26.Qe5 Qc8 27.f5 Rxd1 28.Rxd1 Rd7 29.Rxd7 Qxd7
30.Kg2 h6 31.fxe6 fxe6 32.c5 Kh8 33.Nd6 Qc6+ 34.Kg3 Qh1 35.Qxe6 Qg1+ 36.Kf3 Qf1+
37.Ke4 Qe2+ 38.Kd5 Qf3+ 39.Qe4 Qf8 40.Qf5 Qa8+ 41.c6 Qa7 42.Qc8+  1-0

[Event "CZE-ch (Women)"]
[Site "Usti nad Labem"]
[Date "1996.??.??"]
[Round "9"]
[White "Ptacnikova, Lenka"]
[Black "Blazkova, Petra"]
[Result "0-1"]
[WhiteElo "2185"]
[BlackElo "2180"]

1.e4 c5 2.Nf3 d6 3.d4 cxd4 4.Nxd4 Nf6 5.Nc3 a6 6.Be3 e6 7.f3 b5 8.Qd2 Nbd7
9.a4 bxa4 10.Nxa4 d5 11.Bd3 dxe4 12.fxe4 Nxe4 13.Bxe4 Qh4+ 14.Qf2 Qxe4 15.O-O Nf6
16.Nb6 Rb8 17.Nxc8 Rxc8 18.c3 Bd6 19.Bf4 Bxf4 20.Qxf4 Qxf4 21.Rxf4 Nd5 22.Rf2 Ra8
23.Nc6 Ne7 24.Na5 O-O 25.Nc4 Nd5 26.Nd6 a5 27.Nb7 Ra7 28.Nxa5 Rfa8 29.b4 Nxc3
30.Rc1 Nd5 31.Nc6 Ra2 32.Rxa2 Rxa2 33.Rb1 Nc3 34.Rb3 Nb5 35.Rd3 g6 36.Rd8+ Kg7
37.Rb8 Nd6 38.Rd8 Ne4 39.h3 h5 40.Rd4 Nc3 41.Rc4 Nd5 42.Re4 Rb2 43.Kh2 g5
44.h4 Nf6 45.Rc4 Ng4+  0-1

[Event "Velden op"]
[Site "Velden"]
[Date "1996.??.??"]
[Round "1"]
[White "Agnos, Demetrios"]
[Black "Podkriznik, Gregor"]
[Result "1-0"]
[WhiteElo "2515"]
[BlackElo "2220"]

1.e4 c5 2.Nf3 d6 3.d4 cxd4 4.Nxd4 Nf6 5.Nc3 a6 6.Be3 e6 7.f3 Be7 8.Qd2 O-O
9.g4 Nc6 10.O-O-O Nd7 11.h4 Nxd4 12.Bxd4 b5 13.g5 Bb7 14.Kb1 Rc8 15.a3 Ne5
16.Qe3 Nc4 17.Bxc4 Rxc4 18.Rhg1 b4 19.axb4 Rxb4 20.Rg2 Qc7 21.Bf6 Rb8 22.Bxe7 Qxe7
23.Rgd2 Qc7 24.b3 Rb6 25.Na4 Rc6 26.h5 a5 27.h6 Ba6 28.f4 Rb4 29.hxg7 Bb5
30.Rh1 Bxa4 31.Qh3 Kxg7 32.Qxh7+ Kf8 33.Qh8+ Ke7 34.Rh7 Rc3 35.g6 Be8 36.gxf7 Bxf7
37.Rg2 Rcxb3+ 38.Kc1 Qc3 39.Rxf7+  1-0

[Event "Velden op"]
[Site "Velden"]
[Date "1996.??.??"]
[Round "3"]
[White "Wittmann, Walter"]
[Black "Loginov, Valery A"]
[Result "0-1"]
[WhiteElo "2370"]
[BlackElo "2525"]

1.e4 c5 2.Nf3 d6 3.d4 cxd4 4.Nxd4 Nf6 5.Nc3 a6 6.Be3 e5 7.Nf3 Qc7 8.a4 b6
9.Bg5 Nbd7 10.Nd2 h6 11.Bxf6 Nxf6 12.Bc4 Bb7 13.Qe2 Be7 14.Nf1 O-O 15.Ne3 b5
16.Ba2 bxa4 17.O-O a3 18.Rab1 axb2 19.Rxb2 Bxe4 20.Nxe4 Nxe4 21.Nd5 Nc3 22.Qd3 Nxd5
23.Bxd5 Rab8 24.Ra2 a5 25.g3 Qc5 26.c4 Kh8 27.g4 Bd8 28.Kh1 Qc8 29.f3 Rb4
30.Rg2 Bg5 31.Ra1 Qc5 32.Rga2 Bd8 33.h4 g6 34.h5 Qd4 35.Qxd4 exd4 36.Re1 gxh5
37.gxh5 a4 38.Rg2 Bg5 39.Re4 d3 40.f4 Bf6 41.Rd2 a3  0-1

[Event "Vienna op-B"]
[Site "Vienna"]
[Date "1996.??.??"]
[Round "4"]
[White "Brod, Manfred"]
[Black "Schweda, Roland"]
[Result "0-1"]
[WhiteElo "2245"]
[BlackElo "2365"]

1.e4 c5 2.Nf3 d6 3.d4 cxd4 4.Nxd4 Nf6 5.Nc3 a6 6.Be3 e5 7.Nb3 Be7 8.f3 Be6
9.Qd2 O-O 10.O-O-O a5 11.Kb1 a4 12.Nc1 Nbd7 13.g4 Nb6 14.g5 Nfd7 15.Nd5 Bxd5
16.exd5 Qc7 17.f4 exf4 18.Bxf4 Nc5 19.h4 a3 20.b3 Ne4  0-1

[Event "Vienna op"]
[Site "Vienna"]
[Date "1996.??.??"]
[Round "7"]
[White "Szalanczy, Emil"]
[Black "Van der Vorm, Teun"]
[Result "0-1"]
[WhiteElo "2425"]
[BlackElo "2405"]

1.e4 c5 2.Nf3 d6 3.d4 cxd4 4.Nxd4 Nf6 5.Nc3 a6 6.Be3 e6 7.g4 h6 8.Qe2 Nc6
9.O-O-O Qc7 10.Bg2 Be7 11.f4 Nxd4 12.Rxd4 Nd7 13.h4 Rb8 14.g5 hxg5 15.hxg5 Rxh1+
16.Bxh1 g6 17.Qh2 b5 18.Qh8+ Bf8 19.Bf3 b4 20.Nd5 exd5 21.exd5 Nc5 22.Rc4 Bf5
23.b3 Qe7 24.Kd2 Rc8 25.Bd4 Kd7 26.Bf6 Qe8 27.Rxb4 Be7 28.Qxe8+ Kxe8 29.Bd4 Bd8
30.Rc4 Ne4+ 31.Ke3 Rxc4 32.bxc4 Nc5 33.c3 f6 34.gxf6 Kf7 35.Bg2 Bxf6  0-1

[Event "Villa Gesell"]
[Site "Villa Gesell"]
[Date "1996.??.??"]
[Round "6"]
[White "Milos, Gilberto"]
[Black "Ricardi, Pablo"]
[Result "1-0"]
[WhiteElo "2565"]
[BlackElo "2555"]

1.e4 c5 2.Nf3 d6 3.d4 cxd4 4.Nxd4 Nf6 5.Nc3 a6 6.Be3 e6 7.f4 Be7 8.Qf3 Qc7
9.g4 b5 10.g5 Nfd7 11.Bd3 Bb7 12.O-O Nc6 13.Nxc6 Bxc6 14.Ne2 d5 15.Nd4 dxe4
16.Bxe4 Bxe4 17.Qxe4 O-O 18.f5 Qe5 19.Qxe5 Nxe5 20.fxe6 Nc4 21.Nf5 Bb4 22.e7 Rfe8
23.Bd4 Bxe7 24.Nxg7 Red8 25.Nf5 Bxg5 26.Kh1 Rd5 27.Rf2 h6 28.Rg1 Kh7 29.c3 Rc8
30.h4 Rxd4 31.cxd4 Bf6 32.Rg4 h5 33.Re4 Rd8 34.b3 Nb6 35.Ne7 Rd6 36.d5 Nd7
37.Rf5 Bxe7 38.Rxe7 Nf6 39.Rc7  1-0

[Event "Villalba op"]
[Site "Villalba"]
[Date "1996.??.??"]
[Round "4"]
[White "Garbisu de Goni, Unai"]
[Black "Kolev, Atanas"]
[Result "0-1"]
[WhiteElo "2350"]
[BlackElo "2510"]

1.e4 c5 2.Nf3 d6 3.d4 cxd4 4.Nxd4 Nf6 5.Nc3 a6 6.Be3 e5 7.Nf3 Be7 8.Bc4 O-O
9.O-O Nc6 10.a4 Be6 11.Bd5 Rc8 12.Qe2 Qc7 13.Rfd1 h6 14.Rac1 Nb4 15.Rd2 Nbxd5
16.exd5 Bd7 17.Ra1 Qa5 18.Ra3 Ng4 19.Rb3 Nxe3 20.fxe3 Rb8 21.Qc4 Rfc8 22.Qb4 Qxb4
23.Rxb4 Bd8 24.Rb3 Ba5 25.Rd3 Kf8 26.e4 Ke7 27.Kf1 Bxc3 28.Rdxc3 Rxc3 29.Rxc3 Bxa4
30.Ke2 Bd7 31.Nd2 Rc8 32.Rxc8 Bxc8 33.b4 f5 34.c4 b6 35.Nb3 f4 36.c5 dxc5
37.bxc5  0-1

[Event "LTU-ch"]
[Site "Vilnius"]
[Date "1996.??.??"]
[Round "5"]
[White "Labuckas, Aidas"]
[Black "Lapienis, Donatas"]
[Result "0-1"]
[WhiteElo "2395"]
[BlackElo "2335"]

1.e4 c5 2.Nf3 d6 3.d4 cxd4 4.Nxd4 Nf6 5.Nc3 a6 6.Be3 e5 7.Nb3 Be6 8.Qd2 Nbd7
9.f3 Be7 10.g4 h6 11.O-O-O b5 12.h4 Nb6 13.Qf2 Nfd7 14.Kb1 Qc7 15.Bd3 b4
16.Ne2 d5 17.Qg3 Bd6 18.g5 h5 19.f4 Bg4 20.fxe5 Bxe5 21.Qf2 O-O 22.exd5 Nxd5
23.Bc1 N7b6 24.Rdg1 Bxe2 25.Qxe2 g6 26.Qf3 Rad8 27.Be4 Rd7 28.Rd1 Rfd8 29.Rd3 Nf4
30.Rxd7 Rxd7 31.Re1 Nfd5 32.Qe2 Nc4 33.Bxd5 Rxd5 34.Rd1 Rxd1 35.Qxd1 a5 36.Qd5 Kh7
37.Qb5 Bg7 38.Qe8 Qe5 39.Qxe5 Bxe5 40.Nd2 Nxd2+ 41.Bxd2 Bg3 42.c4 bxc3 43.bxc3 Bxh4
44.Bf4 f6 45.gxf6 Bxf6 46.c4 g5 47.Bd6 Kg6 48.Kc2 Kf5 49.Kd3 Be5 50.Be7 h4
51.Ke3 h3 52.Kf2 g4 53.Bh4 Ke4 54.a4 g3+ 55.Bxg3 h2  0-1